Europäische Länder - Zufälliger Galgenmännchen - Statistiken

Allgemein
  • Dieses Quiz wurde 594 mal gespielt
  • Das Durchschnittsergebnis liegt bei 6 aus 8
Antwortstatistiken
Buchstabe % Korrekt
Ä
100%
E
100%
E
100%
E
100%
I
100%
M
100%
N
100%
N
100%
R
100%
U
100%
A
95%
D
95%
N
95%
E
94%
E
94%
A
92%
E
92%
E
90%
E
90%
L
89%
A
87%
A
86%
A
85%
D
85%
E
85%
A
83%
D
83%
N
83%
E
78%
I
78%
L
77%
L
77%
I
74%
L
74%
N
74%
N
74%
N
74%
U
74%
N
72%
A
71%
A
71%
L
71%
F
70%
Ä
69%
A
69%
D
69%
N
69%
T
69%
T
69%
I
67%
N
67%
N
67%
S
67%
S
67%
T
67%
R
63%
S
63%
S
63%
B
62%
I
62%
N
62%
R
62%
T
62%
U
62%
R
61%
C
58%
D
58%
H
58%
W
58%
O
57%
K
56%
O
56%
O
54%
L
52%
N
50%
N
50%
O
50%
K
48%
W
48%
G
46%
K
46%
L
46%
P
46%
R
44%
G
38%
M
38%
R
38%
W
38%
Keine übereinstimmenden Quizze gefunden
Verteilung der Resultate
Anzahl Personen mit jedem Resultat
Perzentil nach korrekt beantworteten Fragen
Ihre Resultats-Entwicklung
Sie haben dieses Quiz noch nicht gespielt